| 000 -LEADER |
| fixed length control field |
00479nam a22001457a 4500 |
| 008 - FIXED-LENGTH DATA ELEMENTS--GENERAL INFORMATION |
| fixed length control field |
210123b ||||| |||| 00| 0 eng d |
| 082 ## - DEWEY DECIMAL CLASSIFICATION NUMBER |
| Edition number |
23 |
| Classification number |
294.52 |
| Item number |
PRA |
| 100 ## - MAIN ENTRY--PERSONAL NAME |
| Personal name |
Prabhupada, A.C. Bhaktivedanta Swami |
| 245 ## - TITLE STATEMENT |
| Title |
Life comes from life |
| Remainder of title |
Morning walks with his divine grace |
| 250 ## - EDITION STATEMENT |
| Edition statement |
1st |
| 260 ## - PUBLICATION, DISTRIBUTION, ETC. (IMPRINT) |
| Place of publication, distribution, etc. |
Mumbai |
| Name of publisher, distributor, etc. |
The Bhaktivedanta Book Trust |
| Date of publication, distribution, etc. |
1981 |
| 300 ## - PHYSICAL DESCRIPTION |
| Extent |
xiv; 142 p. |
| Dimensions |
22 cm |
| 650 ## - SUBJECT ADDED ENTRY--TOPICAL TERM |
| Topical term or geographic name as entry element |
Life comes from life: Morning walks with his divine grace |
| 942 ## - ADDED ENTRY ELEMENTS (KOHA) |
| Source of classification or shelving scheme |
|
| Koha item type |
Books |